Normal view
MARC view
- Perlman, Radia
Entry Personal Name
001 - CONTROL NUMBER
- control field: 56421
003 - CONTROL NUMBER IDENTIFIER
- control field: NUST
005 - DATE AND TIME OF LATEST TRANSACTION
- control field: 20210628201712.0
008 - FIXED-LENGTH DATA ELEMENTS
- fixed length control field: 210628|| aca||aabn | a|a d
040 ## - CATALOGING SOURCE
- Original cataloging agency: NUST
- Transcribing agency: NUST
100 ## - HEADING--PERSONAL NAME
- Personal name: Perlman, Radia
670 ## - SOURCE DATA FOUND
- Source citation: Work cat.: (NUST): Perlman, Radia, Interconnections bridges, routers, switches and internetworking protocols, 2000
